Normal view
MARC view
Entry Personal Name
001 - CONTROL NUMBER
- control field: 88416
003 - CONTROL NUMBER IDENTIFIER
- control field: dpl
005 - DATE AND TIME OF LATEST TRANSACTION
- control field: 20260312152120.0
008 - FIXED-LENGTH DATA ELEMENTS
- fixed length control field: 260312|| aca||aabn | a|a d
040 ## - CATALOGING SOURCE
- Original cataloging agency: dpl
- Transcribing agency: dpl
100 ## - HEADING--PERSONAL NAME
- Personal name: मुले, शांति गुनाकर
670 ## - SOURCE DATA FOUND
- Source citation: Work cat.: (dpl)215543: मुले, शांति गुनाकर , वैज्ञानिक कोश/, 2025
